| 000 | 01206nam0a22003251 4500 | ||
|---|---|---|---|
| 001 | RU\NLR\INFOCOMM_190\5000082746 | ||
| 005 | 20260405053039.0 | ||
| 035 | _a(NLR Aleph) 009378496 | ||
| 090 |
_a7967481 _c7967481 |
||
| 100 | _a20101222d1943 u y0rusy50 ca | ||
| 101 | 1 | _aita | |
| 102 | _aRU | ||
| 105 | _ay ||||000|y | ||
| 200 | 1 |
_aLa madre _fM. Gorki |
|
| 210 |
_aMosca _cEdizioni in lingue estere _d1943 |
||
| 215 |
_a266, [2] с. _d20 см |
||
| 300 | _aНа 4-й стр. обл.: М. Горький. Мать | ||
| 316 |
_aЭкз. РНБ (246/112): Из Отделения "Библиотека всемирной литературы" _5NLR: 246/112 |
||
| 700 | 1 |
_4070 _8rus _7ba _aGor'kij _bM. _f1868-1936 _gMaksim _3RU\NLR\AUTH\7716974 _966 |
|
| 801 | 1 |
_aRU _bNLR _c20101222 |
|
| 801 | 0 |
_aRU _bNLR _gPSBO |
|
| 830 | _aЭкз. "Всемирной лит." описан по карточке каталога Отделения "Б-ка всемирной лит." | ||
| 852 |
_aNLR _jЛ31 Г-3/34 _y2 экз. |
||
| 852 |
_aNLR _j246/112 |
||
| 942 | _cBOOK | ||
| 945 | _aРоссийская национальная библиотека | ||
| 980 | _aNB | ||
| 980 | _aBV | ||
| 980 | _aWL | ||